1173 1169 1640 1520 1655 1431 1352 1760 1245 1861 1143 1263 1011 1727 1749 1014 1226 1384 1784 1062 1465 1936 1476 1371 1633 1325 1345 1199 1682 1908 1172 1351 1105 1264 1639 1328 1819 1923 1959 1016 1524 1367 1930 1224 1493 1041 1053 1063 1127 1047 1653 1872 1638 1767 1086 1187 1124 1479 1121 1665 1836 1279 1099 1046 1669 1995 1468 1795 1660 1703 1345 1357 1444 1524 1540 1180 1896 1263 1801 1221 1403 1792 1081 1978 1147 1488 1570 1962 1681 1580 1674 1596 1219 1564 1169 1489 1001 1444 1867 BCNSPRNW ULIB Ver.6.0+V

เปลี่ยนเป็นภาษาไทย

Change to English
 แสดงรายละเอียดบรรณานุกรม
  กลับหน้าหลัก

Brief Record : Get Marc (ISO 2709) : E-mail record : QR code < ปิดหน้าต่าง
LEADER : 00000nam 2200000uu 4500
001    13399127273
003     ULIB
008    200316s2562||||th 000 0 tha d
020    ^a9786162961878
060    ^aWQ100^bธ523ค
100    ^aธารางรัตน์ หาญประเสริฐพงษ์ และณัฐพร จันทร์ดียิ่ง
245    ^aคู่มือการให้คำแนะนำปรึกษาทางสูติศาสตร์ สำหรับแพทย์เวชปฏิบัติทั่วไป Obstetric counselling for general practitioners
250    ^aพิมพ์ครั้งที่ 1
260    ^aนครนายก :^bภาควิชาสูติศาสตร์และนรีเวชวิทยา คณะแพทยศาสตร์ มหาวิทยาลัยศรีนครินทรวิโรฒ,^c2562
300    ^a144 หน้า^bภาพประกอบ, ตาราง, ภาคผนวก
650    ^aสูติศาสตร์
945    ^p200^l0^i006642
945    ^p200^l0^i006643
945    ^p200^l0^i006644
945    ^p200^l0^i006645
945    ^p200^l0^i006646
999    ^aประนอม เกษจรัล
รายการนี้ยังไม่มีแท็ก
คุณยังไม่ได้ล็อกอิน คุณสามารถมีกิจกรรมร่วมกับเว็บไซต์ได้ แต่ต้องล็อกอินก่อน ::
  ล็อกอิน

รายการสื่อสารสนเทศ

ลำดับที่ ประเภท เลขเรียก/บาร์โค้ด สถานที่ สถานะ
1. วิทยาศาสตร์การแพทย์ และสุขภาพ
หนังสือสำรอง
สถานะ=หนังสือสำรอง
WQ100 ธ523ค ฉ.1 
  Barcode: 006642
ห้องสมุดวิทยาเขตสวรรค์ประชารักษ์
►หนังสือทั่วไป
บนชั้น
2. วิทยาศาสตร์การแพทย์ และสุขภาพ
วิทยาศาสตร์การแพทย์ และสุขภาพ
WQ100 ธ523ค ฉ.2 
  Barcode: 006643
ห้องสมุดวิทยาเขตสวรรค์ประชารักษ์
►หนังสือทั่วไป
บนชั้น
3. วิทยาศาสตร์การแพทย์ และสุขภาพ
วิทยาศาสตร์การแพทย์ และสุขภาพ
WQ100 ธ523ค ฉ.3 
  Barcode: 006644
ห้องสมุดวิทยาเขตสวรรค์ประชารักษ์
►หนังสือทั่วไป
บนชั้น
4. วิทยาศาสตร์การแพทย์ และสุขภาพ
วิทยาศาสตร์การแพทย์ และสุขภาพ
WQ100 ธ523ค ฉ.4 
  Barcode: 006645
ห้องสมุดวิทยาเขตสวรรค์ประชารักษ์
►หนังสือทั่วไป
บนชั้น
5. วิทยาศาสตร์การแพทย์ และสุขภาพ
วิทยาศาสตร์การแพทย์ และสุขภาพ
WQ100 ธ523ค ฉ.5 
  Barcode: 006646
ห้องสมุดวิทยาเขตสวรรค์ประชารักษ์
►หนังสือทั่วไป
บนชั้น

รายการใกล้เคียง
    ชื่อเรื่อง [คู่มือการให้คำแนะนำปรึกษาทางสูติศาสตร์ สำหรับแพทย์เวชปฏิบัติทั่วไป Obstetric counselling for general practitioners]

    ผู้แต่ง [ธารางรัตน์ หาญประเสริฐพงษ์ และณัฐพร จันทร์ดียิ่ง]

    หัวเรื่อง [สูติศาสตร์]

BibComment


ยังไม่เคยถูกคอมเมนท์

คอมเมนท์ทรัพยากรรายการนี้
  คอมเมนท์: คู่มือการให้คำแน..


 Copyright 2026. Bcnsprnw @Library